Studies of highway development and geographic change / (Record no. 60893)
[ view plain ]
| 000 -LEADER | |
|---|---|
| fixed length control field | 00861nam a2200277 a 4500 |
| 001 - CONTROL NUMBER | |
| control field | 60893 |
| 003 - CONTROL NUMBER IDENTIFIER | |
| rucl marc code | BD-RjUL |
| 005 - DATE AND TIME OF LATEST TRANSACTION | |
| control field | 20211209080908.0 |
| 008 - FIXED-LENGTH DATA ELEMENTS--GENERAL INFORMATION | |
| fixed length control field | 170104s1959 nyua b 1 eng c |
| 035 ## - SYSTEM CONTROL NUMBER | |
| System control number | (BD-RjUL)61017 |
| 040 ## - CATALOGING SOURCE | |
| Original cataloging agency | Wright St Univ Lib |
| Language of cataloging | eng |
| Transcribing agency | BD-RjUL |
| Modifying agency | BD-RjUL |
| 041 ## - LANGUAGE CODE | |
| Language code of text/sound track or separate title | eng |
| 082 ## - DEWEY DECIMAL CLASSIFICATION NUMBER | |
| Edition number | 23 |
| Classification number | 388.1 |
| Author mark and year | STU 1959 |
| 245 10 - TITLE STATEMENT | |
| Title | Studies of highway development and geographic change / |
| Statement of responsibility, etc. | William L. Garrison [at all] |
| 260 ## - PUBLICATION, DISTRIBUTION, ETC. (IMPRINT) | |
| Place of publication, distribution, etc. | Seattle : |
| Name of publisher, distributor, etc. | University of Washington Press, |
| Date of publication, distribution, etc. | 1959. |
| 300 ## - PHYSICAL DESCRIPTION | |
| Pagination | xvi, 291 p. : |
| Illustrations | ill. ; |
| Size | 27 cm. |
| 490 1# - SERIES STATEMENT | |
| Series statement | Highway economic studies |
| 500 ## - GENERAL NOTE | |
| General note | Include index |
| 504 ## - BIBLIOGRAPHY, ETC. NOTE | |
| Bibliography, etc | Bibliography: p. (277-288) |
| 650 #0 - SUBJECT ADDED ENTRY--TOPICAL TERM | |
| Topical term or geographic name as entry element | Roads. |
| 9 (RLIN) | 181547 |
| Topical term or geographic name as entry element | Land use. |
| 9 (RLIN) | 181548 |
| Topical term or geographic name as entry element | Store location. |
| 9 (RLIN) | 181549 |
| 700 ## - ADDED ENTRY--PERSONAL NAME | |
| Personal name | Berry, Brian J. L. |
| Personal name | Marble, Duane F. |
| 942 ## - ADDED ENTRY ELEMENTS (KOHA) | |
| Source of classification or shelving scheme | Dewey Decimal Classification |
| Koha item type | Books |
| Lost status | Source of classification or shelving scheme | Damaged status | Not for loan | Collection code | Permanent Location | Current Location | Shelving location | Date acquired | Source of acquisition | Cost, normal purchase price | Total Checkouts | Full call number | Date last seen | Copy number | Koha item type |
|---|---|---|---|---|---|---|---|---|---|---|---|---|---|---|---|
| Dewey Decimal Classification | Non-fiction | Central Library, University of Rajshahi | Central Library, University of Rajshahi | Reading Room | 08/02/1963 | Zeitlinger | 52.00 | 388.1 STU 1959 | 04/01/2017 | C-1 | Books |